Original Names of Famous Brands - Statistics

General Stats
  • This quiz has been taken 62 times
  • The average score is 11 of 22
Answer Stats
Product Original Name Actual Name % Correct
Search Engine/Multinational Tech Company BackRub Google
92%
Sandwich Shop Pete’s Super Submarines Subway
82%
Adult Magazine Stag Party Playboy
80%
Soda Brad’s Drink Pepsi
78%
Online Auction House AuctionWeb eBay
76%
Coffee Shop Pequod Starbucks
71%
Sportsware Blue Ribbon Sports Nike
67%
e-Commerce Cadabra Amazon
59%
Dating App Matchbox Tinder
59%
Search Engine Jerry and David’s Guide to the World Wide Web Yahoo!
59%
Family Restaurant T.J. Applebee’s Rx for Edibles & Elixirs Applebee’s
55%
Web Broser Phoenix Firefox
49%
Online Payments System Confinity PayPal
49%
Telecommunications App Sky Peer-to-Peer Skype
47%
Electronics Tokyo Tsushin Kogyo Sony
47%
Electronics Retail Sound of Music Best Buy
35%
Cameras and Related Equipment Precision Optical Industry Co. Cannon
35%
Information Technology Computing Tabulating Recording Corporation IBM
29%
Steak House Chris Steak House Ruth’s Chris Steak House
20%
Smartphones/Tablets/Services Research in Motion Blackberry
16%
Online Service Provider/Search Engine Quantum Computer Services AOL
12%
Electronics Retail Wards Company Circuit City
8%
No matching quizzes found
Score Distribution
Percent of People with Each Score
Percentile by Number Answered
Your Score History
You have not taken this quiz